<?xml version="1.0" encoding="UTF-8"?>
<collection xmlns="http://www.loc.gov/MARC21/slim">
 <record>
  <leader>01941aam a22002418a 4500</leader>
  <controlfield tag="001">NCT_7840</controlfield>
  <controlfield tag="008">090205s2009                  ||||||viesd</controlfield>
  <datafield tag="999" ind1=" " ind2=" ">
   <subfield code="c">397</subfield>
   <subfield code="d">397</subfield>
  </datafield>
  <datafield tag="020" ind1=" " ind2=" ">
   <subfield code="c">80000</subfield>
  </datafield>
  <datafield tag="082" ind1="0" ind2="4">
   <subfield code="2">23rd ed.</subfield>
   <subfield code="a">658</subfield>
   <subfield code="b">T661</subfield>
  </datafield>
  <datafield tag="100" ind1="1" ind2=" ">
   <subfield code="a">Tommissen, Koenraad</subfield>
  </datafield>
  <datafield tag="245" ind1="1" ind2="0">
   <subfield code="a">Tư vấn quản lý :</subfield>
   <subfield code="b">Một quan điểm mới với sự hỗ trợ của các công cụ được tuyển chọn toàn diện = An innovative view of management consultancy : Complemented by a comprehensive selection of tools</subfield>
   <subfield code="c">Koenraad Tommissen ; Dương Ngọc Dũng dịch</subfield>
  </datafield>
  <datafield tag="260" ind1=" " ind2=" ">
   <subfield code="a">Tp. Hồ Chí Minh</subfield>
   <subfield code="b">Tổng hợp</subfield>
   <subfield code="c">2008</subfield>
  </datafield>
  <datafield tag="300" ind1=" " ind2=" ">
   <subfield code="a">397tr.</subfield>
   <subfield code="c">21cm</subfield>
  </datafield>
  <datafield tag="520" ind1="3" ind2=" ">
   <subfield code="a">Nội dung tài liệu đưa ra các tiêu chuẩn về trình độ nghiệp vụ, đạo đức, kiến thức đối với nhà tư vấn quản lí. Lập chiến lược kinh doanh, các hình mẫu tư vấn và các kĩ thuật tư vấn cùng một số nhà tư vấn giỏi trên thế giới</subfield>
  </datafield>
  <datafield tag="700" ind1="1" ind2=" ">
   <subfield code="a">Dương Ngọc Dũng</subfield>
   <subfield code="e">dịch</subfield>
  </datafield>
  <datafield tag="942" ind1=" " ind2=" ">
   <subfield code="2">ddc</subfield>
   <subfield code="c">BK</subfield>
  </datafield>
  <datafield tag="952" ind1=" " ind2=" ">
   <subfield code="0">0</subfield>
   <subfield code="1">0</subfield>
   <subfield code="2">ddc</subfield>
   <subfield code="4">0</subfield>
   <subfield code="6">658_000000000000000_T661</subfield>
   <subfield code="7">0</subfield>
   <subfield code="9">20958</subfield>
   <subfield code="a">000001</subfield>
   <subfield code="b">000001</subfield>
   <subfield code="d">2021-01-25</subfield>
   <subfield code="l">1</subfield>
   <subfield code="o">658 T661</subfield>
   <subfield code="p">MD.16172</subfield>
   <subfield code="r">2021-01-29</subfield>
   <subfield code="s">2021-01-25</subfield>
   <subfield code="v">80000.00</subfield>
   <subfield code="w">2021-01-25</subfield>
   <subfield code="y">BK</subfield>
  </datafield>
  <datafield tag="952" ind1=" " ind2=" ">
   <subfield code="0">0</subfield>
   <subfield code="1">0</subfield>
   <subfield code="2">ddc</subfield>
   <subfield code="4">0</subfield>
   <subfield code="6">658_000000000000000_T661</subfield>
   <subfield code="7">0</subfield>
   <subfield code="9">20959</subfield>
   <subfield code="a">000001</subfield>
   <subfield code="b">000001</subfield>
   <subfield code="d">2021-01-25</subfield>
   <subfield code="o">658 T661</subfield>
   <subfield code="p">MD.16173</subfield>
   <subfield code="r">2021-01-25</subfield>
   <subfield code="v">80000.00</subfield>
   <subfield code="w">2021-01-25</subfield>
   <subfield code="y">BK</subfield>
  </datafield>
  <datafield tag="952" ind1=" " ind2=" ">
   <subfield code="0">0</subfield>
   <subfield code="1">0</subfield>
   <subfield code="2">ddc</subfield>
   <subfield code="4">0</subfield>
   <subfield code="6">658_000000000000000_T661</subfield>
   <subfield code="7">0</subfield>
   <subfield code="9">20960</subfield>
   <subfield code="a">000001</subfield>
   <subfield code="b">000001</subfield>
   <subfield code="d">2021-01-25</subfield>
   <subfield code="o">658 T661</subfield>
   <subfield code="p">MD.16174</subfield>
   <subfield code="r">2021-01-25</subfield>
   <subfield code="v">80000.00</subfield>
   <subfield code="w">2021-01-25</subfield>
   <subfield code="y">BK</subfield>
  </datafield>
  <datafield tag="952" ind1=" " ind2=" ">
   <subfield code="0">0</subfield>
   <subfield code="1">0</subfield>
   <subfield code="2">ddc</subfield>
   <subfield code="4">0</subfield>
   <subfield code="6">658_000000000000000_T661</subfield>
   <subfield code="7">0</subfield>
   <subfield code="9">20961</subfield>
   <subfield code="a">000001</subfield>
   <subfield code="b">000001</subfield>
   <subfield code="d">2021-01-25</subfield>
   <subfield code="o">658 T661</subfield>
   <subfield code="p">MD.16175</subfield>
   <subfield code="r">2021-01-25</subfield>
   <subfield code="v">80000.00</subfield>
   <subfield code="w">2021-01-25</subfield>
   <subfield code="y">BK</subfield>
  </datafield>
  <datafield tag="952" ind1=" " ind2=" ">
   <subfield code="0">0</subfield>
   <subfield code="1">0</subfield>
   <subfield code="2">ddc</subfield>
   <subfield code="4">0</subfield>
   <subfield code="6">658_000000000000000_T661</subfield>
   <subfield code="7">0</subfield>
   <subfield code="9">20962</subfield>
   <subfield code="a">000001</subfield>
   <subfield code="b">000001</subfield>
   <subfield code="d">2021-01-25</subfield>
   <subfield code="o">658 T661</subfield>
   <subfield code="p">MD.16176</subfield>
   <subfield code="r">2021-01-25</subfield>
   <subfield code="v">80000.00</subfield>
   <subfield code="w">2021-01-25</subfield>
   <subfield code="y">BK</subfield>
  </datafield>
  <datafield tag="980" ind1=" " ind2=" ">
   <subfield code="a">Thư viện Trường Đại học Nam Cần Thơ</subfield>
  </datafield>
 </record>
</collection>
